| 000 | 00735nam a2200205 i 4500 | ||
|---|---|---|---|
| 001 | 31884 | ||
| 003 | ES-MaACL | ||
| 005 | 20250805063236.0 | ||
| 007 | t| | ||
| 008 | 030130s1954 sp f |||| |dspa d | ||
| 100 | 1 |
_aBécquer, Gustavo Adolfo, _d1836-1870 _926974 |
|
| 245 | 1 | 0 |
_aObras completas / _cGustavo Adolfo Bécquer ; con un prólogo semblanza de Bécquer por Joaquín y Serafín Álvarez Quintero. |
| 250 | _a8ª ed. | ||
| 260 |
_aMadrid : _bAguilar, _c1954 ( _fNebrija) |
||
| 300 |
_a1369 p., 1 lám. : _b1 retr. aut. ; _c14 cm. |
||
| 700 | 1 |
_aÁlvarez Quintero, Joaquín, _d1873-1944 _920922 |
|
| 700 | 1 |
_aÁlvarez Quintero, Serafín, _d1871-1938 _9226443 |
|
| 852 |
_aES-MaACL _jC-4630 |
||
| 999 |
_c31884 _d31884 |
||